Statistics for Turin City Trivia

Click here to take the quiz!

General Stats

  • This quiz has been taken 75 times
  • The average score is 10 of 20

Answer Stats

ClueAnswer% Correct
Name for the city in ItalianTorino
86%
Main riverPo
84%
Major car brands that
started in Turin
Fiat
83%
Most successful football clubJuventus
81%
Major event hosted in 2006Winter Olympics
81%
Sea it is connected to via aboveAdriatic Sea
65%
Italian region in which
Turin is located
Piedmont
64%
Country it became part of in 1792France
57%
What the above means in ItalianLittle {Bull}
54%
Length of linen cloth bearing the
negative image of a man
{Shroud} of Turin
46%
Major car brands that
started in Turin
Alfa Romeo
42%
Year in which Turin became the
first capital of the unified Italy
1861
39%
218 BC invaderHannibal
35%
Major car brands that
started in Turin
Lancia
30%
Most famous monumentMole {Antonelliana}
30%
Most famous museumMuseo {Egizio}
30%
First Italian prime ministerCavour
23%
Duchy Turin was the capital
of, 1562–1847
Savoy
22%
Valley in which Turin is located{Susa} Valley
14%
Most common nicknameThe Cradle of
Italian {Liberty}
6%

Score Distribution

Percentile by Number Answered

Percent of People with Each Score

Your Score History

You have not taken this quiz